My big book of questions and answers 2 :facts you must know (Record no. 550143)

000 -LEADER
fixed length control field 00419nam a22001457a 4500
020 ## - INTERNATIONAL STANDARD BOOK NUMBER
International Standard Book Number 8173010729
082 ## - DEWEY DECIMAL CLASSIFICATION NUMBER
Classification number 001
Author Mark BHA
-- N-01, P-43
100 ## - MAIN ENTRY--PERSONAL NAME
Personal name Bhanot, T.R
9 (RLIN) 46884
245 ## - TITLE STATEMENT
Title My big book of questions and answers 2 :facts you must know
Statement of responsibility, etc. Bhanot, T.R
260 ## - PUBLICATION, DISTRIBUTION, ETC.
Place of publication, distribution, etc. India
Name of publisher, distributor, etc. Dreamland
Date of publication, distribution, etc. 1993
300 ## - PHYSICAL DESCRIPTION
Extent 48 p.
Other physical details ill.
Dimensions 25 cm
526 ## - STUDY PROGRAM INFORMATION NOTE
Program name 0
Interest level 0
Reading level 0
Title point value 001_000000000000000_BHA
650 ## - SUBJECT ADDED ENTRY--TOPICAL TERM
Topical term or geographic name entry element NUST
9 (RLIN) 6342
942 ## - ADDED ENTRY ELEMENTS (KOHA)
Source of classification or shelving scheme
Koha item type Book
Holdings
Withdrawn status Lost status Source of classification or shelving scheme Damaged status Not for loan Permanent Location Current Location Date acquired Total Checkouts Full call number Barcode Date last seen Date last checked out Price effective from Koha item type
          Military College of Engineering (MCE) Military College of Engineering (MCE) 10/24/2014 2 001 BHA MCE-44443 12/06/2017 11/29/2017 10/24/2014 Book
© 2023 Central Library, National University of Sciences and Technology. All Rights Reserved.